000 01066nam a22002537a 4500
005 20170124103010.0
010 _aB-247117
020 _c275.00
_a8189850121
035 _aB-247117
037 _bCen Lib/Ret
040 _aDPL
_bHN
082 _a
_bकालिया
100 _aकालिया, ममता
_957174
245 _aपचीस साल की लड़की /
_cममता कालिया
246 _aPachees saal ki ladki /
_bby Mamta Kaliya
260 _aउत्तर प्रदेश
_bरेमाधव पब्लिकेशन्स
_c2006
270 _aसी-94, सेक्टर-63, नोएडा, गौतमबुद्ध नगर
_bउत्तर प्रदेश
_e201301
300 _a164पृ.
_c21सेमी (सजिल्द)
650 _aहिन्दी -- साहित्य
_957175
650 _aहिन्दी -- कहानी
_9779
650 _aHindi -- Literature
_957176
650 _aHindi -- Story
_943117
942 _2ddc
_cHN
_h
_mकालिया
999 _c114527
_d114527